Olivia Rodrigo song lyrics - No hints ! @18 - Statistics

General Stats
  • This quiz has been taken 114 times
    113 since last reset
  • The average score is 196 of 293
Answer Stats
Answer % Correct
I
99%
i
99%
a
94%
You
93%
you
93%
the
88%
is
85%
Is
85%
be
84%
go
82%
to
82%
me
81%
win
81%
so
79%
(He-he-he-he-he)
78%
all
76%
All
76%
it
76%
my
76%
My
76%
who
76%
in
75%
In
75%
know
75%
like
75%
your
75%
And
74%
are
72%
I'm
72%
then
72%
of
71%
want
71%
for
69%
that
69%
don't
68%
good
68%
on
68%
too
68%
what
66%
Co-
65%
Com-
65%
jealousy
65%
Jealousy
65%
think
65%
bad
63%
not
63%
sick
63%
wanna
63%
every
62%
much
62%
myself
62%
Oh
62%
(oh)
62%
(oh,oh)
62%
You're
62%
can't
60%
car
60%
I'd
60%
killing
60%
pretty
60%
Pretty
60%
see
60%
should
60%
slowly
60%
Yeah
60%
'Cause
59%
girls
59%
out
59%
With
59%
Anyone
57%
But
57%
but
57%
cool
57%
else
57%
Got
57%
happy
57%
it's
57%
rather
57%
Rather
57%
'Bout
56%
Just
56%
kids
56%
phone
56%
true
56%
Comparison
54%
friends
54%
perfect
54%
them
54%
boyfriend
53%
feels
53%
night
53%
teeth
53%
throw
53%
white
53%
across
51%
face
51%
kinda
51%
let
51%
life
51%
paper
51%
Prettier
51%
room
51%
back
50%
bodies
50%
even
50%
Happier
50%
nice
50%
following
47%
living
47%
their
47%
Their
47%
Wish
47%
care
46%
daddy's
46%
things
46%
up
46%
weight
46%
didn't
44%
God
44%
photos
44%
clothes
43%
everyone
43%
Started
43%
vintage
43%
again
41%
getting
41%
lack
41%
beauty's
40%
crazy
40%
sound
40%
stand
40%
vacation
40%
caught
38%
loss
38%
help
37%
losing
34%
get's
22%
No matching quizzes found
Score Distribution
Percent of People with Each Score
Percentile by Number Answered
Your Score History
You have not taken this quiz since the last reset